000 00615nam a2200205 a 4500
001 000012067
005 20240412074229.0
008 091104s2003 dr 000 0 spa d
020 _z9993432990
040 _aDO-SdBNP
_bspa
_cBNPHU
082 _aRD863.44
_bC527se
100 1 _aChevalier, Nan,
_d1965-
_9350
245 1 3 _aLa segunda señal /
_cNan Chevalier.
260 _aSanto Domingo :
_bLetra gráfica,
_c2003.
300 _a77 p. ;
_c22 cm.
590 _aInventariado, 2019/VM
650 0 _aCuentos dominicanos
_9176
650 0 _aLiteratura dominicana.
_967
910 _aValidado. Control de calidad MMOLINA
999 _c11734
_d11734